|
|
|
|
| LEADER |
00000nam0a2200000 4500 |
| 001 |
143270 |
| 005 |
20231101221021.0 |
| 010 |
|
|
|a 9785911317102
|b (в пер.)
|b 2500 экз.
|
| 021 |
|
|
|a RU
|b 08-12509
|9 08-682
|
| 035 |
|
|
|a (RuTPU)RU\TPU\book\155244
|
| 090 |
|
|
|a 143270
|
| 100 |
|
|
|a 20080331d2008 m y0rusy5002 ca
|
| 101 |
0 |
|
|a rus
|
| 102 |
|
|
|a RU
|
| 105 |
|
|
|a a j 001zy
|
| 200 |
1 |
|
|a Экономика
|e бизнес-курс МВА
|f А. С. Елисеев
|
| 210 |
|
|
|a Москва
|c Дашков и Ко
|d 2008
|
| 215 |
|
|
|a 497 с.
|c ил.
|
| 320 |
|
|
|a Библиогр.: с. 497.
|
| 330 |
|
|
|a В учебнике рассматриваются основные принципы организации экономической жизни современного общества. Анализируются разные виды рыночных отношений, логика поведения потребителей и производителей. Изучаются роль общественного сектора в экономике, функции денег, проблемы, которые должно решать правительство. При выборе структуры книги и последовательности рассмотрения вопросов автор ориентировался на лучшие учебники, изданные в США и Великобритании. Глубина рассмотрения вопросов соответствует тем знаниям, которыми, по мнению автора, должны обладать выпускники технических вузов и руководители фирм. Материал сопровождается большим количеством примеров, контрольными вопросами и задачами. Для слушателей программ МВА, студентов и преподавателей технических вузов.
|
| 451 |
|
1 |
|0 (RuTPU)RU\TPU\book\177284
|y 978-5-91131-710-2
|t Экономика
|o бизнес-курс МВА
|o [учебник]
|f А. С. Елисеев
|c М.
|n Дашков и Ко
|d 2009
|p 497 с.
|a Елисеев, Алексей Станиславович
|
| 606 |
1 |
|
|a Экономическая теория
|2 stltpush
|3 (RuTPU)RU\TPU\subj\26589
|9 50481
|
| 610 |
1 |
|
|a экономика
|
| 610 |
1 |
|
|a микроэкономика
|
| 610 |
1 |
|
|a рыночная экономика
|
| 610 |
1 |
|
|a производство
|
| 610 |
1 |
|
|a спрос
|
| 610 |
1 |
|
|a предложение
|
| 610 |
1 |
|
|a эластичность
|
| 610 |
1 |
|
|a измерения
|
| 610 |
1 |
|
|a потребители
|
| 610 |
1 |
|
|a производители
|
| 610 |
1 |
|
|a выигрыш
|
| 610 |
1 |
|
|a равновесие
|
| 610 |
1 |
|
|a дисбалансы
|
| 610 |
1 |
|
|a распределение
|
| 610 |
1 |
|
|a эффективность
|
| 610 |
1 |
|
|a справедливость
|
| 610 |
1 |
|
|a конфликты
|
| 610 |
1 |
|
|a совершенная конкуренция
|
| 610 |
1 |
|
|a прибыль
|
| 610 |
1 |
|
|a издержки
|
| 610 |
1 |
|
|a несовершенная конкуренция
|
| 610 |
1 |
|
|a монополии
|
| 610 |
1 |
|
|a олигополия
|
| 610 |
1 |
|
|a цены
|
| 610 |
1 |
|
|a дискриминация
|
| 610 |
1 |
|
|a факторы производства
|
| 610 |
1 |
|
|a общественный сектор
|
| 610 |
1 |
|
|a макроэкономика
|
| 610 |
1 |
|
|a потребление
|
| 610 |
1 |
|
|a инвестиции
|
| 610 |
1 |
|
|a деньги
|
| 610 |
1 |
|
|a банки
|
| 610 |
1 |
|
|a процентные ставки
|
| 610 |
1 |
|
|a общественное равновесие
|
| 610 |
1 |
|
|a экономические циклы
|
| 610 |
1 |
|
|a государственное регулирование
|
| 610 |
1 |
|
|a экономические показатели
|
| 610 |
1 |
|
|a народонаселение
|
| 610 |
1 |
|
|a природные ресурсы
|
| 610 |
1 |
|
|a безработица
|
| 610 |
1 |
|
|a инфляция
|
| 610 |
1 |
|
|a валютный рынок
|
| 610 |
1 |
|
|a учебники
|
| 686 |
|
|
|a У011я73
|v LBC/SL-A
|2 rubbk
|
| 700 |
|
1 |
|a Елисеев
|b А. С.
|g Алексей Станиславович
|
| 801 |
|
1 |
|a RU
|b 63413507
|c 20080917
|g PSBO
|
| 801 |
|
2 |
|a RU
|b 63413507
|c 20121017
|g PSBO
|
| 900 |
|
|
|a Экономика
|
| 900 |
|
|
|a Микроэкономика
|
| 900 |
|
|
|a Макроэкономика
|
| 900 |
|
|
|a Экономика общественного сектора
|
| 942 |
|
|
|c BK
|
| 959 |
|
|
|a 73/20080716
|d 1
|e 277,20
|f ЧЗГЛ:1
|